Pôsobnosť obce v oblasti odpadového hospodárstva vo vzťahu k novému zákonu o odpadoch

Základné povinnosti obce pri nakladaní s odpadmi v zmysle nového zákona o odpadoch s prepojením na zákon č. 223/2001Z.z. o odpadoch a o zmene a doplnení niektorých zákonov v z.n.p, ktorý je účinný od konca roka 2015.

Gespeichert in:
Bibliographische Detailangaben
1. Verfasser: Katunský, Richard
Format: Buchkapitel
Sprache:Slowakisch
Schlagworte:
Tags: Tag hinzufügen
Keine Tags, Fügen Sie das erste Tag hinzu!

MARC

LEADER 00000naa a2200000 4500
001 0211287
005 20231208083336.0
041 0 |a slo 
044 |a SK 
245 1 0 |a Pôsobnosť obce v oblasti odpadového hospodárstva vo vzťahu k novému zákonu o odpadoch  |c Richard Katunský 
520 |a Základné povinnosti obce pri nakladaní s odpadmi v zmysle nového zákona o odpadoch s prepojením na zákon č. 223/2001Z.z. o odpadoch a o zmene a doplnení niektorých zákonov v z.n.p, ktorý je účinný od konca roka 2015. 
610 2 0 |a Slovensko 
610 2 0 |a zákony 
610 2 0 |a obce 
610 2 0 |a hospodárstvo odpadové 
610 2 0 |a odpad 
100 1 |a Katunský, Richard